• 首页
  • 本馆介绍
  • 公告通知
  • 最新文献
  • 馆藏检索
  • 电子资源
  • 读者导购
  • 参考咨询
  • 我的图书馆
  • 登录
  • 详细信息显示
  • 放入我的书架
  • 预约/预借图书
  • 作者相关作品
  • 分类相关作品
  • 丛书相关作品
  • 出版社相关作品

书目信息

  • 表格格式
  • 工作单格式
  • 卡片格式
题名:
石油和天然气
    
 
作者: ;大庆油田《石油和天然气》编写组 编
分册:  
出版信息: 北京   科学出版社  1978
页数: 50页
开本: 19cm
丛书名: 石油勘探与开发普及丛书
单 册:
中图分类: TE1
科图分类:
主题词: 石油--普及读物 , 天然气--普及读物 , 石油天然气地质 , 油气勘探
电子资源:
ISBN:
000 00871nam2 2200277 45
001 0178001332
005 20060512085735.73
010    @dCNY0.15
091    @a13031.453
100    @a19950804d1978 em y0chiy0121 ea
101 0  @achi
102    @aCN@b110000
105    @ay z 000yy
200 10 @a石油和天然气@Ashi you he tian ran qi@f大庆油田《石油和天然气》编写组编@Fda qing you tian《shi you he tian ran qi》bian xie zu bian
210    @a北京@c科学出版社@d1978
215    @a50页@d19cm
225 2  @a石油勘探与开发普及丛书
410  0 @120010@a石油勘探与开发普及丛书
606    @a石油@x普及读物
606    @a天然气@x普及读物
606 0  @a石油天然气地质
606 0  @a油气勘探
690    @aTE1@v4
711  0 @a大庆油田《石油和天然气》编写组@Ada qing you tian《shi you he tian ran qi》bian xie zu@4编
801  0 @aCN@bTSSF@c20060512
905    @a10447@dTE1@e1
    
    石油和天然气/大庆油田《石油和天然气》编写组编.-北京:科学出版社,1978
    50页;19cm.-(石油勘探与开发普及丛书)
    
    
    ISBN :CNY0.15
    
●
相关链接 在E读中查询图书 在五车中查询图书 在当当中查询图书 在豆瓣中查询图书


正题名:石油和天然气     索取号:TE1/1         预约/预借

序号 登录号 条形码 馆藏地/架位号 状态 备注
1 0012023   202322432   密集书库/ [索取号:TE1/1] 在馆    
2 0012025   202322423   密集书库/ [索取号:TE1/1] 在馆    
唐山师范学院图书馆 欢迎您!
大连网信软件有限公司© 版权所有